The Advantage of Mediation in the Context of Coping with the Covid-19 Pandemic

The extent to which the contracts can be renegotiated after pandemic-related performance disruptions and how the use of mediation can be profitable.

Salvato in:
Dettagli Bibliografici
Autore principale: Eissfeldt, Juliane
Natura: Capitolo di libro
Lingua:slovacco
Soggetti:
Tags: Aggiungi Tag
Nessun Tag, puoi essere il primo ad aggiungerne!!

MARC

LEADER 00000naa a2200000 4500
001 0292116
005 20241010151603.5
041 0 |a slo 
044 |a SK 
245 1 0 |a The Advantage of Mediation in the Context of Coping with the Covid-19 Pandemic  |c Juliane Eissfeldt 
520 |a The extent to which the contracts can be renegotiated after pandemic-related performance disruptions and how the use of mediation can be profitable. 
610 2 0 |a mediácia 
610 2 0 |a pandémia 
610 2 0 |a spolupracovníci 
610 2 0 |a vyjednávanie 
610 2 0 |a výnosnosť 
610 2 0 |a vzťahy ekonomické 
100 1 |a Eissfeldt, Juliane